Starý most - súčasť mesta

Bibliographic Details
Main Author: Marko, Igor (Author)
Format: Article
Language:Slovak
PhysicalDescription:Fotogr. 6, res. angl.
Subjects:

MARC

LEADER 00000nab a2200000 a 4500
001 vtls000513305
003 SK-MaSNL
005 20260304090435.0
008 250425c1994 xo 0 slo
015 |a SNBRB19rr/mm-uuuuu 
035 |a CL0513443 
035 |a urn:nbn:sk:snk-abdotx 
035 |a (urnnbn)urn:nbn:sk:snk:ar-0022fu 
035 |a (uuid)455e1933-d475-4eca-a009-4e7f9daf9376 
040 |a SNKBUCL  |b slo  |c SNKBUCL  |e AACR2 
041 0 |a slo 
044 |a xo  |c SK 
080 |a 725.95(437.6):624.21  |2 1981 
080 |a 624.21  |2 1981 
100 1 |a Marko, Igor  |4 aut  |9 427526 
245 1 0 |a Starý most - súčasť mesta  |c Igor Marko 
300 |b Fotogr. 6, res. angl. 
650 0 7 |a mosty  |2 snkbucl  |9 3015 
650 0 7 |a Starý most (Bratislava, Slovensko)  |2 snkbucl  |9 1381483 
655 7 |a články z novín a časopisov  |2 snkbucl  |9 267496 
773 0 |t Projekt  |g Roč. 36, č. 2 (1994), s. 60-62 
850 |a Slovenská národná knižnica 
852 |a Slovenská národná knižnica 
954 |a odborná, vedecká literatúra pôvodná (slovenská)  |2 lita 
957 |a 5100 
958 |a article19 
958 |a RK 
958 |a OND 
958 |a EUIPO 
992 |a RBX 
999 |c 2811481  |d 2813411